000
00294nam a2200133Ia 4500
008
201214s9999 xx 000 0 und d
100
_a
Smith, F. G. Walton
245
0
_a
Handbook of Marine Science
260
_a
Ohio
260
_b
CRC Press
300
_a
627
490
_v
Vol. I
942
_c
BK
999
_c
5785
_d
5785